| 000 | 00396nam a22001577a 4500 | ||
|---|---|---|---|
| 005 | 20170822175138.0 | ||
| 008 | 160412b xxu||||| |||| 00| 0 eng d | ||
| 020 | _a014-022354-1 | ||
| 040 | _dBSU | ||
| 082 |
_221 _a947.084 SEM |
||
| 100 |
_aSemyonov,V.S _920782 |
||
| 245 | _aNations and Internationlism | ||
| 260 |
_aMoscow _bProgress Publishers _c1979 |
||
| 300 | _a1-302p. | ||
| 942 |
_2ddc _cBK |
||
| 999 |
_c10373 _d10373 |
||